| 000 | 00563nam a22001937a 4500 | ||
|---|---|---|---|
| 003 | OSt | ||
| 005 | 20180116183053.0 | ||
| 008 | 160901b xxu||||| |||| 00| 0 eng d | ||
| 020 | _a0 | ||
| 040 | _c0 | ||
| 082 | _a297.1240521 MUH 1980 | ||
| 100 | _aMuhammad in The Hadees | ||
| 245 |
_aMuhammad In The Hadees : _bSayings of The Prophet Muhammad |
||
| 250 | _aFifteenth Hijra centenary edition | ||
| 260 |
_aPakistan _bNational Hijra Centenary Celebrations Committee _c1980 |
||
| 300 |
_a247 p. _bPB |
||
| 440 | _aMuhammad In The Hadees : | ||
| 942 |
_2ddc _cBK |
||
| 999 |
_c351711 _d351711 |
||